000 00221nam a2200097Ia 4500
008 231212s2003 xx 000 0 und d
041 _aeng
100 _aGrob
245 _aBasic Electronics
260 _aPune
_bUnivers
_c2003
999 _c969061
_d969061